The microscope its theory and applications / (Record no. 133815)

MARC details
000 -LEADER
campo de control de longitud fija 00569nam a2200169 i 4500
001 - NÚMERO DE CONTROL
campo de control 133815
003 - IDENTIFICADOR DE NÚMERO DE CONTROL
campo de control ES-MaACL
007 - CAMPO FIJO DE DESCRIPCIÓN FÍSICA--INFORMACIÓN GENERAL
campo de control de longitud fija t|
008 - DATOS DE LONGITUD FIJA--INFORMACIÓN GENERAL
campo de control de longitud fija 070830s1947 xxk ||||1| eng d
100 1# - ENTRADA PRINCIPAL--NOMBRE DE PERSONA
Nombre de persona Wredden, J. H.
9 (RLIN) 117395
245 14 - MENCIÓN DEL TÍTULO
Título The microscope its theory and applications /
Mención de responsabilidad, etc. by J. H. Wredden ; with an historical introduction by W. E. Watson-Baker.
260 ## - PUBLICACIÓN, DISTRIBUCIÓN, ETC.
Lugar de publicación, distribución, etc. London :
Nombre del editor, distribuidor, etc. L. and A. Churchill,
Fecha de publicación, distribución, etc. 1947.
300 ## - DESCRIPCIÓN FÍSICA
Extensión XXIV, 296 p. :
Otras características físicas il. ;
Dimensiones 26 cm.
650 14 - PUNTO DE ACCESO ADICIONAL DE MATERIA--TÉRMINO DE MATERIA
Término de materia o nombre geográfico como elemento de entrada Microscopios.
9 (RLIN) 15033
700 1# - ENTRADA AGREGADA--NOMBRE PERSONAL
Nombre de persona Watson-Baker, W. E.
9 (RLIN) 116201
852 ## - LOCALIZACIÓN
Ubicación ES-MaACL
Número de control de estantería E-2335
Sublocalización o colección R.24440
Holdings
Estatus retirado Estado de pérdida Estado de daño No para préstamo Biblioteca de origen Biblioteca actual Ubicación en estantería Fecha de adquisición Fuente de adquisición Total de préstamos Signatura topográfica completa Código de barras Visto por última vez Precio de reemplazo Tipo de ítem Koha
        Biblioteca del Ateneo de Madrid Biblioteca del Ateneo de Madrid Depósito 2 17/01/2008     E-2335 1139297 23/02/2023 23/02/2023 Libro impreso